000
00303nam a2200145Ia 4500
100
_a
Pile/John
650
_a
General
942
_c
BK
654
_a
Office Space
245
_a
Open Office Space
260
_b
Facts On Fil Inc.
_a
New York
_c
1984
082
_a
747.8
300
_a
96
546
_a
ENGLISH
999
_c
25110
_d
25110